Sports Quiz

Random Sports or Baseball Quiz

MLB - Last 10 Different Yearly Saves Leaders by Team Quiz Stats

Quiz not verified by Sporcle

Score 0/300 Timer 20:00
0 Plays Today
Answer % Correct
Mariano Rivera
94.1%
Jonathan Papelbon
93.1%
Francisco Rodriguez
93.1%
Francisco Rodriguez
93.1%
Francisco Rodriguez
93.1%
Jonathan Papelbon
93.1%
Byung-Hyun Kim
90.4%
Aroldis Chapman
90.1%
Joe Nathan
89.5%
Joe Nathan
89.5%
Joe Nathan
89.5%
Jim Johnson
89%
Brian Wilson
87.5%
C.J. Wilson
87.5%
Craig Kimbrel
87.2%
Billy Wagner
87.2%
Billy Wagner
87.2%
Billy Wagner
87.2%
Billy Wagner
87.2%
Craig Kimbrel
87.2%
Andrew Miller
86.4%
Trevor Hoffman
85.4%
Trevor Hoffman
85.4%
Todd Jones
84.8%
Todd Jones
84.8%
David Robertson
83.2%
David Robertson
83.2%
Huston Street
82.9%
Huston Street
82.9%
Huston Street
82.9%
Huston Street
82.9%
Lee Smith
82.6%
Eric Gagne
81.9%
Eric Gagne
81.9%
Joakim Soria
81.3%
Joakim Soria
81.3%
Joakim Soria
81.3%
Fernando Rodney
80.5%
Fernando Rodney
80.5%
Fernando Rodney
80.5%
Brad Hand
79.7%
Brad Lidge
79.6%
Brad Lidge
79.6%
Greg Holland
79.3%
Kenley Jansen
78.7%
John Wetteland
78.7%
Mark Melancon
78.4%
Mark Melancon
78.4%
Sergio Romo
78%
Jeurys Familia
77.6%
Mike Williams
77.1%
John Smoltz
76.7%
Brett Myers
76.1%
Brett Myers
76.1%
Randy Myers
76.1%
Jason Isringhausen
75.2%
Rafael Soriano
74.5%
Rafael Soriano
74.5%
Trevor Rosenthal
74.5%
Rafael Soriano
74.5%
Rafael Soriano
74.5%
John Franco
73%
Robb Nen
72.9%
Koji Uehara
72.1%
Jose Valverde
72%
Keith Foulke
72%
Keith Foulke
72%
Jose Valverde
72%
Jose Valverde
72%
Keith Foulke
72%
Francisco Cordero
71.6%
Francisco Cordero
71.6%
Chad Cordero
71.6%
Troy Percival
71.2%
Troy Percival
71.2%
Jose Mesa
70.9%
Jose Mesa
70.9%
Jose Mesa
70.9%
Jonathan Papelbon
70.6%
Aroldis Chapman
69.8%
Roberto Hernandez
68.4%
Chris Perez
68.1%
Edwin Diaz
68.1%
Drew Storen
66.3%
Kerry Wood
65.1%
Kerry Wood
65.1%
Mike Jackson
65.1%
Zach Britton
64.5%
Armando Benitez
64.3%
Armando Benitez
64.3%
Armando Benitez
64.3%
Bobby Jenks
64.2%
Glen Perkins
64%
Ryan Madson
64%
Alex Claudio
64%
J.J. Putz
63.9%
John Axford
63.9%
John Axford
63.9%
J.J. Putz
63.9%
B.J. Ryan
63.7%
Answer % Correct
B.J. Ryan
63.7%
Neftali Feliz
63.4%
Rod Beck
63.3%
Heath Bell
63.1%
Heath Bell
63.1%
Heath Bell
63.1%
Goose Gossage
62.5%
Sam Dyson
62%
Rob Dibble
61.7%
Brian Fuentes
60.4%
Brian Fuentes
60.4%
Kaz Sasaki
59.9%
Hector Rondon
59.3%
Derek Lowe
59.1%
Wade Davis
58.7%
Cody Allen
58.5%
Addison Reed
58.2%
Addison Reed
58.2%
Mike Gonzalez
57.9%
Mike Gonzalez
57.9%
Wade Davis
57.6%
Jason Motte
56.4%
Carlos Marmol
56.3%
John Rocker
55.3%
Eddie Guardado
55.2%
Eddie Guardado
55.2%
Craig Kimbrel
55%
Dave Righetti
55%
Seung-hwan Oh
54.9%
Jonathan Broxton
54.7%
Jonathan Broxton
54.7%
Ugueth Urbina
54.4%
Ugueth Urbina
54.4%
Jason Grilli
53.8%
Tom Gordon
53.8%
Tom Gordon
53.8%
Tom Gordon
53.8%
Rich Aguilera
53.8%
Tom Gordon
53.8%
Jason Grilli
53.8%
Antonio Osuna
53.5%
Santiago Casilla
53.5%
Roberto Osuna
53.5%
Bob Wickman
52.6%
Jim Johnson
52.6%
Bob Wickman
52.6%
Andrew Bailey
52.4%
Kelvin Herrera
52%
Santiago Casilla
51.5%
Ken Giles
51.4%
Tony Cingrani
50.8%
Raisel Iglesias
50.6%
LaTroy Hawkins
50.2%
LaTroy Hawkins
50.2%
LaTroy Hawkins
50.2%
Tyler Clippard
49.7%
Tyler Clippard
49.7%
Sam Dyson
48.2%
Francisco Rodriguez
48%
Luke Gregerson
48%
Brad Boxberger
47.7%
Steve Cishek
47.6%
Ryan Madson
47.4%
Sean Doolittle
47%
Danny Graves
45.9%
Antonio Alfonseca
45.1%
Ryan Dempster
44.8%
Kevin Gregg
44.5%
Kevin Gregg
44.5%
Joe Borowski
44.5%
Joe Borowski
44.5%
Kevin Gregg
44.5%
Joe Borowski
44.5%
Kevin Gregg
44.5%
Jeff Shaw
43.4%
Jeff Shaw
43.4%
Octavio Dotel
42.8%
Octavio Dotel
42.8%
A.J. Ramos
42.7%
Brandon Kintzler
42.7%
Matt Capps
42.2%
Matt Capps
42.2%
Matt Capps
42.2%
Todd Worrell
41.9%
Tim Worrell
41.9%
Fernando Rodney
41.3%
Jenrry Mejia
41.2%
Aquilino Lopez
40.9%
Brad Ziegler
40.7%
Joel Hanrahan
40.7%
Casey Janssen
39.3%
Steve Howe
38.9%
Grant Balfour
38.7%
Steve Cishek
38.6%
Ryan Franklin
38.4%
Addison Reed
38%
Alex Colome
37.5%
Bud Norris
37%
Fernando Rodney
36.9%
Shawn Tolleson
34.1%
Answer % Correct
Tom Wilhelmsen
32.8%
Chad Qualls
32.5%
Chad Qualls
32.5%
Jose Jimenez
32.3%
Scott Williamson
32.2%
Frank Francisco
32.2%
Frank Francisco
32.2%
Frank Francisco
32.2%
Takashi Saito
32%
Kyle Farnsworth
31.7%
Danys Baez
31.4%
Juan Carlos Oviedo
31.4%
Joaquin Benoit
31.3%
Bobby Parnell
30.9%
David Aardsma
30.9%
George Sherrill
30.8%
Braden Looper
30.8%
Braden Looper
30.8%
Jake McGee
30.3%
Rafael Betancourt
29.9%
Derrick Turnbow
29.9%
Jeanmar Gomez
29.9%
Brandon League
29.9%
Jeff Brantley
29.3%
Jeff Brantley
29.3%
Tyler Walker
28.5%
Tyler Walker
28.5%
Gene Harris
28.4%
Jensen Lewis
28%
Ernesto Frieri
27.9%
Vladimir Nunez
27.7%
Chris Ray
27.6%
J.P. Howell
27.3%
Edward Mujica
26.1%
David Weathers
25.9%
Jordan Walden
25.9%
Jim Henderson
25.9%
Danny Kolb
25.5%
Dustin Hermanson
25.3%
Greg Holland
25.3%
Mike MacDougal
25.2%
Mike MacDougal
25.2%
Jorge Julio
24.7%
Sergio Santos
24.7%
Tim Wakefield
23.9%
Steve Farr
23.6%
Kelvim Escobar
23.3%
Jon Rauch
22.6%
Jon Rauch
22.6%
Roger McDowell
22.1%
Brandon Lyon
21.8%
Ricky Bottalico
20.6%
Ricky Bottalico
20.6%
Alfredo Aceves
20.4%
Rex Brothers
20.1%
Shawn Chacon
20%
Jake McGee
19.1%
Jose Veras
18.1%
Miguel Batista
17.1%
Dave Veres
16.8%
Al Reyes
16.6%
Hector Neris
16.3%
Shigetoshi Hasegawa
16.2%
Jeremy Jeffress
16%
Justin Wilson
15.2%
Salomon Torres
15.1%
Fernando Salas
15.1%
Jeremy Affeldt
14.9%
Jason Frasor
14.8%
Sean Doolittle
14.6%
Akinori Otsuka
13.7%
Corey Knebel
13.3%
Jeremy Accardo
13.1%
Alan Embree
12.8%
Alfredo Simon
12.7%
Javy Guerra
12.3%
Jim Gott
12.2%
Shingo Takatsu
11.4%
Rocky Biddle
11%
Felipe Rivero
10.4%
Jake Petricka
10.1%
Steve Karsay
10.1%
Matt Lindstrom
9.5%
Brad Brach
9.3%
Craig Lefferts
8.5%
Chris Reitsma
8.4%
Juan Acevedo
8.1%
Mike Trombley
7.6%
Brad Hennessey
7.5%
J.C. Gutierrez
7%
Buddy Groom
7%
Yhency Brazoban
6.9%
Matt Herges
6.7%
Joe Grahe
6.4%
Greg Aquino
6.1%
Franklyn German
5.3%
Rich Loiselle
5.2%
Ambiorix Burgos
4.9%
Dave Stevens
4.9%
Steve Frey
2.3%

You're not logged in!

Compare scores with friends on all Sporcle quizzes.
Join for Free
OR
Log In

Show Comments

Extras

Top Quizzes Today


Score Distribution

Your Account Isn't Verified!

In order to create a playlist on Sporcle, you need to verify the email address you used during registration. Go to your Sporcle Settings to finish the process.

Report this User

Report this user for behavior that violates our Community Guidelines.

Details: